Loading...
Other | 0 | 3 | 0 | 0 | 30 | 76 | 85.33 | 2 | 3 |
Fine Arts - Other Fine Arts | 0 | 2 | 0 | 0 | 20 | 85 | 93.00 | 1 | 2 |
Fine Arts - Painting & Sculpture | 0 | 2 | 2 | 0 | 10 | 20 | 76.00 | 1 | 2 |
History - American History | 0 | 1 | 0 | 1 | 10 | 126 | 126.00 | 0 | 0 |
Fine Arts - Classical Music | 0 | 1 | 1 | 0 | 5 | 86 | 86.00 | 0 | 1 |
History - European History | 0 | 1 | 1 | 0 | 5 | 91 | 91.00 | 0 | 1 |
Science - Other Science | 0 | 1 | 1 | 0 | 5 | 55 | 55.00 | 1 | 1 |
Literature - European Literature | 0 | 0 | 0 | 0 | 0 | 0.00 | 0 | 0 | |
Literature - American Literature | 0 | 0 | 0 | 0 | 0 | 0.00 | 0 | 0 | |
History - Other History | 0 | 0 | 1 | 0 | -5 | 0.00 | 0 | 0 | |
Religion | 0 | 0 | 1 | 0 | -5 | 0.00 | 0 | 0 |